| 000 | 00924cpcaa22002657a 4500 | ||
|---|---|---|---|
| 001 | mm 80005631 | ||
| 003 | DLC | ||
| 005 | 20260227111703.0 | ||
| 008 | 800121|||||||||||| eng | ||
| 010 | _amm 80005631 | ||
| 040 |
_aDLC _cDLC _edacs _dDLC |
||
| 072 | 7 |
_aC _2lcmd |
|
| 100 | 1 |
_aWentworth, Tappan, _d1788-1867. |
|
| 245 | 0 | 0 |
_aTappan Wentworth correspondence, _f1833. |
| 300 |
_a10 _fitems. |
||
| 506 | 0 | _aOpen to research. | |
| 545 | 0 | _aU.S. representative from Massachusetts, lawyer, and educator. | |
| 546 | _aCollection material in English. | ||
| 580 | _aForms part of: Miscellaneous Manuscripts collection. | ||
| 656 | 7 |
_aEducators. _2itoamc |
|
| 656 | 7 |
_aLawyers. _2itoamc |
|
| 656 | 7 |
_aRepresentatives U.S. Congress _zMassachusetts. _2itoamc |
|
| 999 |
_c42781 _d42781 |
||